| 000 | 01154nam a2200229Ia 4500 | ||
|---|---|---|---|
| 005 | 20220329170947.0 | ||
| 008 | 220328t2014||||xx |||||||||||||| ||spa|| | ||
| 040 |
_aODONTO _bspa _cODONTO _dODONTO |
||
| 041 | _aspa | ||
| 082 | _a863 G589 | ||
| 100 | 1 |
_aGodoy Durán, Enrique _d 1936- _91138 |
|
| 245 | 0 |
_aNo te olvides de Jujuy / _c Enrique Godoy Durán y Zulma Esther Prina. -- |
|
| 260 |
_aGuatemala _bEditorial Enrique Godoy Durán _c2014 |
||
| 300 |
_a171 p. : _b il. ; _c19 cm. |
||
| 500 | _aContenido: Eugenio del monte - El Yavi de Eugenio del Monte - Hay que estudiar - Los perros negros, El nuevo negocio de Ciriaco - De Yavi a la laguna colorada, La quiaca y Villazón - Humahuaca - Aprendiz de escultor en Tilcara - Tallador de piedras en Purmamarca - Minero en Zalpa - San Salvador de Jujuy y Buenos Aires - Eugenio del Monte en ruta para puerto Iguazú - Asunción y camino a Guatemala - Una lágrima para una historia incompleta | ||
| 650 | 0 | 2 | _2 Cuentos guatemaltecos |
| 650 | 0 | 2 | _2Cuentos argentinos |
| 650 | 0 | 2 | _2 Literatura guatemalteca |
| 650 | 0 | 2 | _2 Literatura argentina |
| 700 |
_aPrina, Zulma Esther _91139 |
||
| 942 |
_2ddc _cBK _n0 |
||
| 999 |
_c364 _d364 |
||